000 00589nam a2200229Ia 4500
003 OSt
005 20220928105344.0
006 a|||||r|||| 00| 0
007 ta
008 220927b |||||||| |||| 00| 0 eng d
024 _a49490
037 _cTextual
040 _aSDCL
_cSDCL
_beng
041 _2eng
_aeng
082 _aO152,2N:g, K7
100 _aSwrup Savitri
_9414968
245 0 _aNavy Hindi natak.
260 _aKanpur
_bGantham Prakashan
_c1967
300 _a350p.
_ccm.
942 _hO152,2N:g, K7
_cTEXL
_2CC
999 _c730794
_d730794